Hegyet hágék, lőtőt lépék archaikus népi imádságok

Podrobná bibliografia
Hlavný autor: Erdélyiová, Ruth (Autor)
Ďalší autori: Gyovai Bodák, Eszter, 1924-1974 (Ilustrátor), Csigó, László (Ilustrátor)
Médium: Kniha
Jazyk:maďarčina
Fyzický popis:1090 s. ilustr., noty 19 cm
Vydavateľské údaje: Pozsony Kalligram 1999
ISBN:8071493147
Vydanie:3. bőv. kiad.
Predmet:

MARC

LEADER 00000nam a2200000 a 4500
001 vtls001396443
003 SK-MaSNL
005 20260301161740.0
008 251117s1999 xo aga r yy 0 hun
015 |a SNBA2000/11-03980 
020 |a 8071493147  |c 690,00 Sk 
035 |a SNK000350819 
040 |a SNK  |b slo  |c SNK  |e AACR2 
041 0 |a hun 
044 |a xo  |c SK 
080 |a 243=945.11  |2 1981 
100 1 |a Erdélyiová, Ruth  |4 aut  |9 10057 
245 1 0 |a Hegyet hágék, lőtőt lépék  |b archaikus népi imádságok  |c Erdélyi Zsuzsanna 
250 |a 3. bőv. kiad. 
260 |a Pozsony  |b Kalligram  |c 1999 
300 |a 1090 s.  |b ilustr., noty  |c 19 cm 
500 |a Súbež. tir. slov. 
500 |a Ilustr. Gyovai Bodák Eszter; obr. Csigo László 
504 |a Bibliogr. s. 1084-1090 
650 0 7 |a modlitby  |x výklady  |2 SNK  |9 382316 
655 7 |a príručky  |2 SNK  |9 74364 
700 1 |a Gyovai Bodák, Eszter,  |d 1924-1974  |4 ill  |9 235649 
700 1 |a Csigó, László  |4 ill  |9 331556 
752 |d Bratislava 
919 |a 80-7149-314-7 
958 |a TL 
958 |a HU 
958 |a NT 
999 |c 810649  |d 812579 
952 |t P60, <03>, [BOOK], {603}  |a SNK  |b SNK  |y PREZ  |7 0  |p 17A0251482  |o snkSD 71088  |i snkKSP 9803/2000  |0 0  |1 0  |4 0  |d 2000-09-20  |l 0  |r 2005-01-02 00:00:00  |w 2026-02-24 
952 |t P60, <04>, [BOOK], {604}  |a SNK  |b SNK  |y VYP  |7 0  |p 17A0251483  |o snkSD 71088 D1  |i snkKSP 9804/2000  |0 0  |1 0  |4 0  |d 2000-09-20  |l 0  |r 2005-01-02 00:00:00  |w 2026-02-24 
952 |t P60, <09>, [BOOK], {629}  |a SNK  |b SNK  |y NEVYP  |7 0  |o snkD 55  |i snk1005/20011203  |0 0  |1 0  |4 0  |d 2001-11-29  |l 0  |r 2005-01-02 00:00:00  |w 2026-02-24